[Event "Ostrava Konik op"]
[Site "Ostrava"]
[Date "2014.05.04"]
[Round "9"]
[White "Bartos, Michal"]
[Black "Badacova, Irena"]
[Result "1-0"]
[WhiteElo "1960"]
[BlackElo "1818"]
[PlyCount "83"]
[EventDate "2014.04.26"]
[EventType "swiss"]
[EventRounds "9"]
[EventCountry "CZE"]
[SourceTitle "CBM 160 Extra"]
[Source "ChessBase"]
[SourceDate "2014.07.01"]
[SourceVersion "1"]
[SourceVersionDate "2014.07.01"]
[SourceQuality "1"]

1. e4 d5 2. Nf3 dxe4 3. Ng5 Nf6 4. Bc4 e6 5. Nc3 Qd4 6. Qe2 Be7 7. Ngxe4 0-0 8. d3 Nc6 9. a3 a6 10. Be3 Qd8 11. b4 b5 12. Ba2 Nd4 13. Bxd4 Qxd4 14. 0-0 Bb7 15. Rab1 Rad8 16. Nxf6+ Qxf6 17. Ne4 Qg6 18. f3 Rd7 19. Ng3 Rfd8 20. Rbe1 Kf8 21. f4 Bh4 22. Qf2 Qf6 23. Re5 g6 24. Qe2 Bxg3 25. hxg3 Bd5 26. Bxd5 Rxd5 27. Rf3 Rxe5 28. fxe5 Qg5 29. Rf4 Rd5 30. Qf3 Qe7 31. d4 c6 32. c3 Kg7 33. g4 g5 34. Rf6 a5 35. Qh3 axb4 36. axb4 Qf8 37. Qh6+ Kg8 38. Qxg5+ Qg7 39. Qf4 Rd7 40. Rh6 Ra7 41. Rh5 Kh8 42. Rg5 1-0

[Event "Ostrava Konik op"]
[Site "Ostrava"]
[Date "2014.05.02"]
[Round "7"]
[White "Kusak, Lubomir"]
[Black "Badacova, Irena"]
[Result "1-0"]
[WhiteElo "1685"]
[BlackElo "1818"]
[PlyCount "97"]
[EventDate "2014.04.26"]
[EventType "swiss"]
[EventRounds "9"]
[EventCountry "CZE"]
[SourceTitle "CBM 160 Extra"]
[Source "ChessBase"]
[SourceDate "2014.07.01"]
[SourceVersion "1"]
[SourceVersionDate "2014.07.01"]
[SourceQuality "1"]

1. e4 d5 2. exd5 Nf6 3. Bb5+ Bd7 4. Bxd7+ Qxd7 5. c4 g6 6. Nc3 Bg7 7. Nf3 Qg4 8. Qe2 0-0 9. 0-0 Re8 10. h3 Qf5 11. g4 Qc8 12. d4 Nbd7 13. Bf4 a6 14. Qd3 Nb6 15. Kg2 c6 16. d6 exd6 17. Bxd6 Qe6 18. c5 Nbd5 19. Bg3 Rad8 20. Rae1 Qd7 21. Ne5 Qc8 22. Nc4 Nb4 23. Qd2 Qd7 24. Nd6 Rxe1 25. Rxe1 Nbd5 26. Be5 b6 27. Na4 b5 28. Nb6 Nxb6 29. cxb6 Nd5 30. b7 Bxe5 31. dxe5 Qc7 32. f4 Qb6 33. Qf2 c5 34. Rc1 c4 35. a4 Qxf2+ 36. Kxf2 Nxf4 37. Ke3 Nd3 38. Ra1 Nxe5 39. Nc8 Nc6 40. axb5 axb5 41. Ra8 Rd3+ 42. Kf4 Rd4+ 43. Kg3 Kg7 44. Nb6 b4 45. Rc8 c3 46. bxc3 Rd3+ 47. Kh4 b3 48. Nc4 Rxc3 49. Rxc6 1-0

[Event "Ostrava Konik op-B"]
[Site "Ostrava"]
[Date "2011.05.06"]
[Round "7"]
[White "Kanakova, Natalie"]
[Black "Badacova, Irena"]
[Result "0-1"]
[WhiteElo "1575"]
[BlackElo "1884"]
[PlyCount "66"]
[EventDate "2011.04.30"]
[EventType "swiss"]
[EventRounds "9"]
[EventCountry "CZE"]
[SourceTitle "CBM 142 Extra"]
[Source "ChessBase"]
[SourceDate "2011.06.27"]
[SourceVersion "1"]
[SourceVersionDate "2011.06.27"]
[SourceQuality "1"]

1. e4 d5 2. exd5 Nf6 3. Nf3 Nxd5 4. d4 Nc6 5. Be2 g6 6. 0-0 Bg7 7. c3 0-0 8. Be3 Nxe3 9. fxe3 e5 10. Nbd2 Be6 11. Ne4 Bf5 12. Ng3 Bd7 13. Bc4 Qe7 14. Qc2 Rae8 15. Rae1 a6 16. b4 b5 17. Bb3 a5 18. d5 Nxb4 19. cxb4 a4 20. Bxa4 bxa4 21. Qxc7 Rc8 22. Qb6 Rb8 23. Qc5 Qd8 24. e4 Rb5 25. Qc3 Qb6+ 26. Kh1 Rc8 27. Qe3 Rxb4 28. Qxb6 Rxb6 29. Ng5 f6 30. Nf3 Rb2 31. Re2 a3 32. Rff2 Rc1+ 33. Ne1 Rxe1+ 0-1

[Event "Ostrava op"]
[Site "Ostrava"]
[Date "2010.05.05"]
[Round "5"]
[White "Pektor, Vitezslav"]
[Black "Badacova, Irena"]
[Result "1/2-1/2"]
[WhiteElo "1720"]
[BlackElo "1870"]
[PlyCount "66"]
[EventDate "2010.05.01"]
[EventType "swiss"]
[EventRounds "9"]
[EventCountry "CZE"]
[SourceTitle "EXT 2011"]
[Source "ChessBase"]
[SourceDate "2010.11.26"]
[SourceVersion "1"]
[SourceVersionDate "2010.11.26"]
[SourceQuality "1"]

1. d4 Nf6 2. c4 e6 3. Nc3 Bb4 4. Qc2 c5 5. Nf3 d5 6. e3 Nc6 7. Bd3 dxc4 8. Bxc4 cxd4 9. exd4 0-0 10. Be3 b6 11. 0-0 Bb7 12. Rad1 Bxc3 13. bxc3 Ne7 14. Be2 Rc8 15. Rc1 Ned5 16. c4 Nxe3 17. fxe3 Qd6 18. Ne5 Rc7 19. Qa4 Ne4 20. Rfe1 Qe7 21. Qb3 Qg5 22. Bf3 f6 23. Ng4 h5 24. Nf2 f5 25. Nh3 Qh4 26. Qd3 g5 27. Bxe4 Bxe4 28. Qe2 Rg7 29. d5 exd5 30. cxd5 Rd8 31. d6 Qg4 32. Qxg4 hxg4 33. Nf2 Bb7 1/2-1/2

[Event "Ostrava op"]
[Site "Ostrava"]
[Date "2010.05.02"]
[Round "2"]
[White "Badacova, Irena"]
[Black "Didi, Jan"]
[Result "0-1"]
[WhiteElo "1870"]
[BlackElo "2070"]
[PlyCount "78"]
[EventDate "2010.05.01"]
[EventType "swiss"]
[EventRounds "9"]
[EventCountry "CZE"]
[SourceTitle "EXT 2011"]
[Source "ChessBase"]
[SourceDate "2010.11.26"]
[SourceVersion "1"]
[SourceVersionDate "2010.11.26"]
[SourceQuality "1"]

1. e4 c5 2. Nc3 Nc6 3. g3 g6 4. Bg2 Bg7 5. d3 e6 6. Be3 Nd4 7. Nh3 Ne7 8. 0-0 d5 9. f4 0-0 10. Qd2 Rb8 11. Nd1 b6 12. c3 Ndc6 13. g4 d4 14. Bf2 dxc3 15. Nxc3 Qd7 16. Rad1 Rd8 17. e5 f6 18. exf6 Bxf6 19. Be4 Ba6 20. Qe3 Nb4 21. Ng5 Bd4 22. Qh3 Ned5 23. Nxd5 Nxd5 24. Bxd4 cxd4 25. Rd2 Ne3 26. Re1 Rbc8 27. Nf3 Rf8 28. Ne5 Qg7 29. Qg3 Rc7 30. h4 Rfc8 31. g5 Rc2 32. Ree2 Rxd2 33. Rxd2 Rc1+ 34. Kf2 Qf8 35. Qh3 Qxf4+ 36. Nf3 Rf1+ 37. Ke2 Qxe4 38. Nxd4 Qxd4 39. Qxe6+ Rf7 0-1

[Event "Orlova op 4th"]
[Site "Orlova"]
[Date "2007.05.25"]
[Round "7"]
[White "Zimniok, Lubomir"]
[Black "Badacova, Irena"]
[Result "1/2-1/2"]
[WhiteElo "2119"]
[BlackElo "1907"]
[PlyCount "127"]
[EventDate "2007.05.19"]
[EventType "swiss"]
[EventRounds "9"]
[EventCountry "CZE"]
[SourceTitle "EXT 2012"]
[Source "ChessBase"]
[SourceDate "2011.11.24"]
[SourceVersion "1"]
[SourceVersionDate "2011.11.24"]
[SourceQuality "1"]

1. Nc3 Nf6 2. Nf3 d5 3. d4 g6 4. Bg5 Bg7 5. Qd2 h5 6. Bxf6 exf6 7. e3 Bg4 8. Be2 c6 9. h3 Bxf3 10. Bxf3 f5 11. 0-0 Nd7 12. a4 g5 13. Qd3 g4 14. Bxd5 cxd5 15. Nxd5 Nf6 16. Qb5+ Kf8 17. Qc5+ Kg8 18. Ne7+ Kh7 19. Qxf5+ Kh6 20. Qf4+ Kh7 21. Nf5 Kg8 22. e4 Rc8 23. c3 Rh7 24. Rad1 Qc7 25. Qe3 Re8 26. e5 Nd5 27. Qe4 Ne7 28. Nd6 Rf8 29. hxg4 hxg4 30. Qxg4 f5 31. Qe2 Ng6 32. f4 Qe7 33. g3 Bh6 34. Rd3 Rf6 35. Qg2 Rxd6 36. exd6 Qxd6 37. c4 Rg7 38. c5 Qe7 39. Qd5+ Kh8 40. Qxf5 Qe2 41. Rc3 Qxb2 42. Qc2 Qxc2 43. Rxc2 Ne7 44. Rh2 Rxg3+ 45. Kf2 Rg6 46. Rfh1 Kg7 47. Kf3 Nf5 48. Rb2 b6 49. cxb6 axb6 50. d5 Ne7 51. Ke4 Nc8 52. Rc2 Nd6+ 53. Ke5 Nf7+ 54. Ke4 Nd6+ 55. Kf3 Nf5 56. Rc7+ Kg8 57. Rc6 Nd4+ 58. Ke4 Nxc6 59. Rxh6 Ne7 60. Rxg6+ Nxg6 61. f5 Nf8 62. a5 Nd7 63. d6 Kf7 64. Kd5 1/2-1/2

[Event "Orlova op 4th"]
[Site "Orlova"]
[Date "2007.05.22"]
[Round "4"]
[White "Badacova, Irena"]
[Black "Skwarun, Wojciech"]
[Result "1/2-1/2"]
[WhiteElo "1907"]
[BlackElo "1250"]
[PlyCount "52"]
[EventDate "2007.05.19"]
[EventType "swiss"]
[EventRounds "9"]
[EventCountry "CZE"]
[SourceTitle "EXT 2012"]
[Source "ChessBase"]
[SourceDate "2011.11.24"]
[SourceVersion "1"]
[SourceVersionDate "2011.11.24"]
[SourceQuality "1"]

1. e4 c5 2. Nc3 Nc6 3. g3 d6 4. Bg2 g6 5. d3 Bg7 6. Nge2 f5 7. Bg5 Nf6 8. Qd2 Nb4 9. 0-0 0-0 10. a3 Nc6 11. Bh6 Ne5 12. Bxg7 Kxg7 13. Rae1 Rb8 14. Nf4 fxe4 15. Nxe4 Nxe4 16. Rxe4 Bf5 17. Re3 Qd7 18. Rfe1 Rf7 19. Qc3 Kg8 20. h3 g5 21. Nh5 Bxh3 22. Rxe5 dxe5 23. Qxe5 Rd8 24. Qxg5+ Kh8 25. Bxh3 Qxh3 26. Rxe7 Qf5 1/2-1/2

[Event "Orlova op 4th"]
[Site "Orlova"]
[Date "2007.05.21"]
[Round "3"]
[White "Reznicek, Marcel"]
[Black "Badacova, Irena"]
[Result "1-0"]
[WhiteElo "2148"]
[BlackElo "1907"]
[PlyCount "53"]
[EventDate "2007.05.19"]
[EventType "swiss"]
[EventRounds "9"]
[EventCountry "CZE"]
[SourceTitle "EXT 2012"]
[Source "ChessBase"]
[SourceDate "2011.11.24"]
[SourceVersion "1"]
[SourceVersionDate "2011.11.24"]
[SourceQuality "1"]

1. e4 d5 2. e5 Bf5 3. f4 c5 4. d3 Nc6 5. Nc3 h6 6. Nf3 e6 7. Be2 Be7 8. 0-0 g5 9. Qe1 gxf4 10. Bxf4 Bg5 11. Qd2 Bxf4 12. Qxf4 Nge7 13. Nh4 Nd4 14. Bh5 Rh7 15. Kh1 Qa5 16. g4 Nxc2 17. gxf5 0-0-0 18. Rac1 Nd4 19. f6 Nec6 20. Ne2 Kb8 21. a3 Qb5 22. Nxd4 Nxd4 23. b4 Qxd3 24. bxc5 Nb3 25. Rf3 Qe4 26. Qxe4 dxe4 27. Rxb3 1-0

[Event "Orlova op 4th"]
[Site "Orlova"]
[Date "2007.05.19"]
[Round "1"]
[White "Ganaus, Hannes"]
[Black "Badacova, Irena"]
[Result "1/2-1/2"]
[WhiteElo "2287"]
[BlackElo "1907"]
[PlyCount "81"]
[EventDate "2007.05.19"]
[EventType "swiss"]
[EventRounds "9"]
[EventCountry "CZE"]
[SourceTitle "EXT 2012"]
[Source "ChessBase"]
[SourceDate "2011.11.24"]
[SourceVersion "1"]
[SourceVersionDate "2011.11.24"]
[SourceQuality "1"]

1. Nf3 d5 2. c4 Nf6 3. cxd5 Nxd5 4. d4 g6 5. e4 Nf6 6. Nc3 Bg7 7. h3 0-0 8. Be3 Nc6 9. d5 Nb8 10. Bc4 c6 11. 0-0 cxd5 12. exd5 Nbd7 13. Re1 Ne8 14. Bd4 Ndf6 15. Qe2 Nd6 16. Bb3 Re8 17. Rad1 a6 18. Na4 b5 19. Bb6 Qd7 20. Nc5 Qf5 21. g4 Nxg4 22. hxg4 Qxg4+ 23. Kh1 Qh3+ 24. Nh2 Bh6 25. Qf3 Qh4 26. Qg3 Qf6 27. Ng4 Bxg4 28. Qxg4 Qxf2 29. Nd7 Qf5 30. Qxf5 Nxf5 31. Bc2 Nd6 32. Bc5 Bg7 33. Ne5 Bxe5 34. Rxe5 Rac8 35. Bxd6 exd6 36. Rxe8+ Rxe8 37. Bd3 Re5 38. Bf1 f5 39. a4 bxa4 40. Bxa6 Re4 41. Rd2 1/2-1/2

[Event "Ostrava SMP op"]
[Site "Ostrava"]
[Date "2006.05.01"]
[Round "3"]
[White "Badacova, Irena"]
[Black "Kostal, Otakar"]
[Result "0-1"]
[WhiteElo "1801"]
[BlackElo "1899"]
[PlyCount "84"]
[EventDate "2006.04.29"]
[EventType "swiss"]
[EventRounds "9"]
[EventCountry "CZE"]
[SourceTitle "EXT 2008"]
[Source "ChessBase"]
[SourceDate "2007.11.25"]
[SourceVersion "1"]
[SourceVersionDate "2007.11.25"]
[SourceQuality "1"]

1. e4 d5 2. exd5 Qxd5 3. Nf3 Nf6 4. Nc3 Qa5 5. d4 c6 6. Bd3 Bg4 7. h3 Bh5 8. g4 Bg6 9. Qe2 e6 10. Bd2 Qc7 11. 0-0-0 Bxd3 12. Qxd3 Nbd7 13. Rhe1 0-0-0 14. Qe2 h6 15. Be3 Nd5 16. Nxd5 exd5 17. Rd3 Bd6 18. Rb3 f6 19. c4 dxc4 20. Qxc4 Nb6 21. Qc2 Nd5 22. Bd2 Rhe8 23. Kb1 Rxe1+ 24. Nxe1 Re8 25. Nd3 Qe7 26. a3 Qe4 27. Nc5 Qxc2+ 28. Kxc2 b6 29. Nd3 Re4 30. Bc3 Kd7 31. Kd2 h5 32. f3 Re3 33. Ne1 hxg4 34. hxg4 Bg3 35. Nc2 Rxf3 36. Ke2 Rf2+ 37. Kd1 Rf4 38. Ke2 Rxg4 39. Kf3 f5 40. Bd2 Bh4 41. Ke2 Rg2+ 42. Kd1 Rg3 0-1

[Event "Ostrava SMP op"]
[Site "Ostrava"]
[Date "2006.04.29"]
[Round "1"]
[White "Badacova, Irena"]
[Black "Ludvova, Marie"]
[Result "1-0"]
[WhiteElo "1801"]
[BlackElo "1526"]
[PlyCount "59"]
[EventDate "2006.04.29"]
[EventType "swiss"]
[EventRounds "9"]
[EventCountry "CZE"]
[SourceTitle "EXT 2008"]
[Source "ChessBase"]
[SourceDate "2007.11.25"]
[SourceVersion "1"]
[SourceVersionDate "2007.11.25"]
[SourceQuality "1"]

1. e4 c5 2. Nc3 Nc6 3. g3 Nf6 4. Bg2 d6 5. Nge2 e6 6. 0-0 Be7 7. d3 0-0 8. f4 a6 9. a4 Qc7 10. b3 Bd7 11. Bb2 Nb4 12. Qd2 Bc6 13. Nd1 a5 14. Ne3 Nd7 15. c3 Na6 16. d4 cxd4 17. cxd4 Nf6 18. Nc3 Qb6 19. Qd1 Rfd8 20. Nc4 Qc7 21. d5 exd5 22. exd5 Bd7 23. Ne4 Nxe4 24. Bxe4 Nc5 25. Bc2 Bh3 26. Qh5 Bf5 27. Qxf5 g6 28. Qg4 Na6 29. Bd4 Nc5 30. f5 1-0

[Event "Litomysl op"]
[Site "Litomysl"]
[Date "2003.12.28"]
[Round "4"]
[White "Badacova, Irena"]
[Black "Nisztuk, Michal"]
[Result "0-1"]
[WhiteElo "1919"]
[BlackElo "2065"]
[PlyCount "66"]
[EventDate "2003.12.26"]
[EventType "swiss"]
[EventRounds "9"]
[EventCountry "CZE"]
[SourceTitle "CBM 098 Extra"]
[Source "ChessBase"]
[SourceDate "2004.03.10"]
[SourceVersion "2"]
[SourceVersionDate "2004.03.10"]
[SourceQuality "1"]

1. e4 e5 2. Nc3 Nc6 3. Bc4 Nf6 4. d3 d6 5. h3 Be6 6. Bxe6 fxe6 7. Nf3 d5 8. 0-0 Bc5 9. Bg5 0-0 10. a3 a6 11. Bh4 b5 12. Bg3 Bd4 13. Re1 dxe4 14. dxe4 Qe8 15. Qc1 Nh5 16. Ne2 Bb6 17. Qg5 h6 18. Qc1 Nxg3 19. Nxg3 Qg6 20. Kf1 Nd4 21. Re3 Nxc2 22. Rd3 Nxa1 23. Qxa1 Qf6 24. b4 Bd4 25. Qa2 Kh8 26. Qc2 Qf4 27. Ne2 Qxe4 28. Nfxd4 exd4 29. Ng3 Qg6 30. Qe2 e5 31. Ne4 Rf4 32. Nc5 Raf8 33. f3 e4 0-1

[Event "Litomysl op"]
[Site "Litomysl"]
[Date "2003.12.26"]
[Round "1"]
[White "Karlik, Vladimir"]
[Black "Badacova, Irena"]
[Result "1-0"]
[WhiteElo "2296"]
[BlackElo "1919"]
[PlyCount "51"]
[EventDate "2003.12.26"]
[EventType "swiss"]
[EventRounds "9"]
[EventCountry "CZE"]
[SourceTitle "CBM 098 Extra"]
[Source "ChessBase"]
[SourceDate "2004.03.10"]
[SourceVersion "2"]
[SourceVersionDate "2004.03.10"]
[SourceQuality "1"]

1. d4 Nf6 2. Nf3 e6 3. Bg5 Be7 4. Nbd2 d5 5. e3 Nbd7 6. Bd3 c5 7. c3 c4 8. Bc2 Qc7 9. 0-0 0-0 10. e4 dxe4 11. Nxe4 h6 12. Bh4 b6 13. Nxf6+ Nxf6 14. Ne5 Bb7 15. Bxf6 Bxf6 16. f4 Rad8 17. Qe2 Bd5 18. Qh5 Qb7 19. Rf2 b5 20. Re1 b4 21. Ng4 Qe7 22. f5 b3 23. axb3 cxb3 24. Bb1 Rd6 25. Re3 Re8 26. Nxh6+ 1-0

[Event "IPCA World Cup"]
[Site "Hrabyne"]
[Date "2003.08.05"]
[Round "5"]
[White "Badacova, Irena"]
[Black "Jaros, Bohumil"]
[Result "1/2-1/2"]
[WhiteElo "1921"]
[BlackElo "2084"]
[PlyCount "43"]
[EventDate "2003.08.01"]
[EventType "swiss"]
[EventRounds "9"]
[EventCountry "CZE"]
[SourceTitle "CBM 095 Extra"]
[Source "ChessBase"]
[SourceDate "2003.09.04"]
[SourceVersion "1"]
[SourceVersionDate "2003.09.04"]
[SourceQuality "1"]

1. e4 c6 2. Nc3 d5 3. d4 dxe4 4. Nxe4 Bf5 5. Ng3 Bg6 6. Nf3 Nf6 7. c3 e6 8. Ne5 Nbd7 9. Nxg6 hxg6 10. Bf4 Nd5 11. Qd2 Qb6 12. Ne2 Nxf4 13. Nxf4 Bd6 14. Nh3 Qc7 15. g3 f6 16. Bg2 g5 17. Qe2 0-0-0 18. 0-0-0 Rde8 19. f3 Qa5 20. Kb1 Qc7 21. Nf2 f5 22. Nd3 1/2-1/2

[Event "IPCA World Cup"]
[Site "Hrabyne"]
[Date "2003.08.03"]
[Round "3"]
[White "Badacova, Irena"]
[Black "Kocur, Valter"]
[Result "0-1"]
[WhiteElo "1921"]
[BlackElo "2120"]
[PlyCount "72"]
[EventDate "2003.08.01"]
[EventType "swiss"]
[EventRounds "9"]
[EventCountry "CZE"]
[SourceTitle "CBM 095 Extra"]
[Source "ChessBase"]
[SourceDate "2003.09.04"]
[SourceVersion "1"]
[SourceVersionDate "2003.09.04"]
[SourceQuality "1"]

1. e4 c5 2. Nc3 Nc6 3. g3 Nf6 4. Bg2 e6 5. d3 Be7 6. Nge2 0-0 7. 0-0 Rb8 8. a4 b6 9. Bf4 d6 10. Qd2 Bb7 11. Rfe1 e5 12. Bg5 Ne8 13. Bxe7 Nxe7 14. f4 Nc7 15. Rf1 Nc6 16. f5 f6 17. Rf2 Nd4 18. h4 d5 19. Nxd4 cxd4 20. Ne2 Qd6 21. Rd1 Rbd8 22. g4 Na6 23. Ng3 Rf7 24. g5 Nc5 25. g6 Rc7 26. b3 h6 27. exd5 Bxd5 28. Bxd5+ Qxd5 29. Qe2 Rdc8 30. Rd2 Na6 31. Kh2 Nb4 32. Qd1 Qd7 33. Kh3 Rc6 34. Kg4 Nd5 35. Kf3 Ne3 36. Qb1 Qd5+ 0-1

[Event "Ostrava op-A"]
[Site "Ostrava"]
[Date "2003.05.11"]
[Round "10"]
[White "Klimsa, Jiri"]
[Black "Badacova, Irena"]
[Result "1-0"]
[WhiteElo "1799"]
[BlackElo "1944"]
[PlyCount "111"]
[EventDate "2003.05.03"]
[EventType "swiss"]
[EventRounds "10"]
[EventCountry "CZE"]
[SourceTitle "EXT 2006"]
[Source "ChessBase"]
[SourceDate "2005.11.24"]
[SourceVersion "1"]
[SourceVersionDate "2005.11.24"]
[SourceQuality "1"]

1. Nf3 d5 2. d4 Nf6 3. c4 e6 4. Nc3 Be7 5. Bf4 a6 6. c5 0-0 7. b4 b6 8. e3 c6 9. Bd3 Nbd7 10. Ne5 Nxe5 11. Bxe5 g6 12. 0-0 Nh5 13. Na4 b5 14. Nb6 Ra7 15. a4 f6 16. Bf4 Nxf4 17. exf4 Qc7 18. Qd2 e5 19. fxe5 fxe5 20. Nxc8 Rxc8 21. dxe5 Qxe5 22. axb5 cxb5 23. Bxb5 a5 24. Rfe1 Qf5 25. Bd3 Qd7 26. Rxa5 Rxa5 27. bxa5 Bxc5 28. Kf1 Rf8 29. Re2 Qc7 30. g3 Qc6 31. Qa2 Bd4 32. Be4 Rd8 33. Rd2 Qc5 34. Rc2 Qb5+ 35. Kg2 Kh8 36. Bf3 Bf6 37. a6 Ra8 38. Be2 Qd7 39. Bf3 Ra7 40. h3 d4 41. Bb7 Rxb7 42. axb7 Qxb7+ 43. Kh2 Kg7 44. Qa5 Qe4 45. Qd2 g5 46. Qe2 Qf5 47. Rd2 Be5 48. Rd3 Qe6 49. Kg1 Qd6 50. Qg4 h6 51. h4 Bf6 52. hxg5 hxg5 53. f4 Qc6 54. f5 Qe4 55. Qf3 Be5 56. Rb3 1-0

[Event "Ostrava op-A"]
[Site "Ostrava"]
[Date "2003.05.09"]
[Round "8"]
[White "Korinek, Jaroslav"]
[Black "Badacova, Irena"]
[Result "0-1"]
[WhiteElo "1778"]
[BlackElo "1944"]
[PlyCount "146"]
[EventDate "2003.05.03"]
[EventType "swiss"]
[EventRounds "10"]
[EventCountry "CZE"]
[SourceTitle "EXT 2006"]
[Source "ChessBase"]
[SourceDate "2005.11.24"]
[SourceVersion "1"]
[SourceVersionDate "2005.11.24"]
[SourceQuality "1"]

1. e4 d5 2. exd5 Nf6 3. d4 Nxd5 4. c4 Nb6 5. Nc3 e5 6. dxe5 Qxd1+ 7. Nxd1 Nc6 8. Nf3 Bg4 9. Bf4 0-0-0 10. Be2 Bb4+ 11. Nc3 Nd7 12. Rd1 Bxf3 13. gxf3 Ndxe5 14. 0-0 Bxc3 15. bxc3 Rhe8 16. Be3 f5 17. Rd5 g6 18. Rfd1 Nf7 19. f4 Nd6 20. Kf1 Ne4 21. R1d3 a6 22. Ke1 Nf6 23. Rxd8+ Rxd8 24. Rxd8+ Kxd8 25. f3 b6 26. Kd2 Kd7 27. Kc2 Ne7 28. a4 Kc6 29. Kb3 a5 30. Kc2 Nd7 31. Kd2 Ng8 32. Bd1 Ngf6 33. Bd4 Nh5 34. Ke3 Nc5 35. Bxc5 Kxc5 36. Be2 c6 37. Bf1 Ng7 38. Kd2 Ne6 39. Ke3 Nc7 40. Kd2 b5 41. cxb5 cxb5 42. Bd3 bxa4 43. Bc2 a3 44. Bb3 Nd5 45. Kc2 Nxf4 46. Bg8 h6 47. Bh7 a4 48. h4 h5 49. Kb1 Kc4 50. Kc2 Kd5 51. Bg8+ Ke5 52. Bf7 Kf6 53. Be8 Ng2 54. Bxa4 Nxh4 55. Bc6 f4 56. Kb3 Nf5 57. Bb5 Ne3 58. Bd7 h4 59. Kxa3 Nf5 60. Bb5 h3 61. Bf1 h2 62. Bg2 Ne3 63. Bh1 Nf1 64. Kb4 Ke6 65. Kc5 Kd7 66. Kd5 Ng3 67. Bg2 g5 68. Ke5 Ke7 69. c4 h1Q 70. Bxh1 Nxh1 71. Kf5 Ng3+ 72. Kxg5 Ne2 73. Kf5 Kd6 0-1